| 000 | 01391nam a2200241Ia 4500 | ||
|---|---|---|---|
| 003 | Ost | ||
| 005 | 20260507075251.0 | ||
| 008 | 260507s9999||||xx |||||||||||||| ||und|| | ||
| 020 | _a3614401126978 | ||
| 040 | _cfsecg | ||
| 041 | _aara | ||
| 082 | _a330 | ||
| 100 |
_aحبش، حبش محمد _eمؤلف |
||
| 245 | 0 |
_aالخصخصة و أثرها على حقوق العاملين بالقطاع العام / _c حبش محمد حبش |
|
| 260 |
_aبيروت: _bمنشورات الحلبي, _c2011 |
||
| 300 |
_a256 صفحة؛ _c24 سم |
||
| 504 | _aمراجع ص.227 ؛ مصطلحات ص.250 | ||
| 520 | _aماهية الخصخصة و نشأتها و أهدافها و دراسة الخصخصة من منظور إسلامي ، الاجراءات اللازمة لعملية الخصخصة ، التطورات الاقتصادية و الخصخصة و الخصخصة في الوطن العربي ، الخصخصة و أثرها على حقوق العاملين في القطاع العام : طبيعة علاقة الموظف العام بالادارة العامة ، أثر الخصخصة على العمالة الفائضة و سبل معالجتها و أثرها على الحقوق المالية للعاملين بالقطاع العام . | ||
| 653 | _aالشركات | ||
| 653 | _aالقطاع الخاص | ||
| 653 | _aالقطاع العام | ||
| 942 | _cكتاب | ||
| 999 |
_c43694 _d43694 |
||